| 000 | 00730nam a22002057a 4500 | ||
|---|---|---|---|
| 999 |
_c12289 _d12289 |
||
| 003 | AR-CdUCM | ||
| 008 | 190408b ||||| |||| 00| 0 spa d | ||
| 040 |
_aMUNICIPALIDAD PROVINCIAL DEL CUSCO _cBIBLIOTECA MUNICIPAL DEL CUSCO |
||
| 082 |
_aC / 333.985 / _bR34 |
||
| 245 |
_aReforma agraria Peruana : _bDocumentos / |
||
| 260 |
_aLima : _bThesis, _c1963. |
||
| 300 |
_a163 páginas ; _c17 cm. |
||
| 505 | _aArtículos de la constitución -- Ley de Bases -- Proyectos del ejecutivo -- Proyecto de la ONU -- Proyect de PAP... | ||
| 650 |
_aReforma agraria. _91861 |
||
| 650 |
_aProyecto agrario. _930078 |
||
| 650 |
_aLeyes agrarias. _930079 |
||
| 650 |
_aConstitución. _92117 |
||
| 942 |
_2ddc _cLIBROS |
||
| 945 |
_awfj _d2019-04-08 |
||